[Event "GER-chT U16 Girls"]
[Site "Magdeburg"]
[Date "2023.12.29"]
[Round "5.8"]
[White "Schwarzfischer, Ramona"]
[Black "Schmidt, Sophie"]
[Result "0-1"]
[WhiteElo "988"]
[BlackElo "1167"]
[PlyCount "122"]
[EventDate "2023.12.26"]
[EventType "team-swiss"]
[EventRounds "7"]
[EventCountry "GER"]
[SourceTitle "CB03_2024"]
[SourceDate "2024.01.17"]
[SourceVersion "1"]
[SourceVersionDate "2024.01.17"]
[SourceQuality "1"]
[WhiteTeam "Roding"]
[BlackTeam "Stuttgart Wolfbusch"]
[WhiteTeamCountry "GER"]
[BlackTeamCountry "GER"]

1. d4 d5 2. Nf3 Nf6 3. Bf4 Bf5 4. e3 e6 5. c3 Be7 6. Nbd2 0-0 7. Be2 Nh5 8. Bg3 Nxg3 9. hxg3 c5 10. Rc1 Qb6 11. Qb3 Nc6 12. Qxb6 axb6 13. a3 Rfc8 14. Nh4 Bg6 15. Nxg6 fxg6 16. Bg4 Nd8 17. Ke2 Rc6 18. f3 Rac8 19. Nb3 Nf7 20. e4 R8c7 21. exd5 exd5 22. Rhe1 Nh6 23. Bh3 Bf6 24. Kf2 cxd4 25. Be6+ Kf8 26. Bxd5 Rd6 27. cxd4 Rxc1 28. Rxc1 Rxd5 29. Rc8+ Ke7 30. Ke3 Nf5+ 31. Ke4 Rb5 32. Rc3 Nxg3+ 33. Kd3 Kd6 34. Kc4 Rh5 35. a4 h6 36. Rd3 Rh2 37. Rd2 Bg5 38. Rc2 Nf5 39. Re2 Nh4 40. Re5 Rxg2 41. Rd5+ Kc7 42. Nc5 bxc5 43. Rxc5+ Kb8 44. Rb5 Nxf3 45. a5 Rc2+ 46. Kd5 Rc6 47. b4 h5 48. Rc5 Rf6 49. b5 Ka7 50. Kc4 Bd2 51. d5 Bxa5 52. Kd3 Ng5 53. Rc2 Bb6 54. Rd2 Kb8 55. Re2 Rf3+ 56. Kd2 Ba5+ 57. Kc2 Rc3+ 58. Kb2 Rc5 59. Re8+ Ka7 60. d6 Rxb5+ 61. Ka3 Rd5 0-1